000 00469nam a22001457a 4500
005 20260123151839.0
008 260123b |||||||| |||| 00| 0 eng d
041 _aeng
082 _bKUL
100 _aKulkarni Tanaya- 2k241038 & Dr. Sneha Aarekar – Guide
_9216468
245 _aBuilding Bridges at Work: HR's Role in Maintaining Positive Employee Relations
260 _aPune
_bSavitribai Phule Pune University
_c2025
300 _a63p
_bHard Bound
942 _cPR
999 _c370133
_d370133